Statistics for Taylor Swift's Album "Reputation" Songs

Click here to take the quiz!

General Stats

  • This quiz has been taken 537 times
  • The average score is 14 of 15

Answer Stats

HintAnswer% Correct
6Look What You Made Me Do
97%
1...Ready for It
95%
2End Game
95%
5Delicate
93%
15New Year's Day
93%
8Gorgeous
92%
12Dress
92%
3I Did Something Bad
91%
9Getaway Car
90%
13This is Why We Can't Have Nice Things
90%
4Don't Blame Me
88%
10King of My Heart
88%
14Call It What You Want
88%
7So It Goes...
86%
11Dancing with Our Hands Tied
85%

Score Distribution

Percentile by Number Answered

Percent of People with Each Score

Your Score History

You have not taken this quiz